| 000 | 00556nam a2200217Ia 4500 | ||
|---|---|---|---|
| 008 | 200601s9999 xx 000 0 und d | ||
| 020 | _a978-1-893951-12-9 | ||
| 050 | _aREF AG 243 | ||
| 050 | _b.R57 2006 | ||
| 245 | 0 | _aRipleys believe it or not! : | |
| 245 | 0 | _bexpect the unexpected / | |
| 260 | _aChina : | ||
| 260 | _bRipley Publishing, | ||
| 260 | _c2006 | ||
| 300 | _a256 pages : | ||
| 300 | _bcolor illustrations ; | ||
| 300 | _c30 cm. | ||
| 500 | _aIncludes index. | ||
| 650 | _aCuriousities and wonders. | ||
| 650 | _xWorld records. | ||
| 999 |
_c363268 _d363268 |
||